The nature of narrative /

Bibliographic Details
Main Author: Scholes, Robert, 1929-2016
Other Authors: Kellogg, Robert L. (Robert Leland), 1928-2004
Format: Book
Language:English
Published: New York : Oxford University Press, 1966.
Subjects:

MARC

Tag First Indicator Second Indicator Subfields
LEADER 00000cam a22000001 4500
001 in00000692575
005 20210821063100.0
008 711013s1966 nyu b 00010 eng
010 |a  66014481  
035 |a (OCoLC)00333047 
035 |9 ADB9898AM 
040 |a DLC  |c DLC  |d TXA  |d UtOrBLW 
049 |a TXAM  |c [464410] 
050 0 |a PN3451  |b .S3 1966 
082 0 |a 809.3923 
092 |a 809.3  |b S368n 
100 1 |a Scholes, Robert,  |d 1929-2016. 
245 1 4 |a The nature of narrative /  |c [by] Robert Scholes [and] Robert Kellogg. 
264 1 |a New York :  |b Oxford University Press,  |c 1966. 
300 |a 326 pages ;  |c 24 cm. 
336 |a text  |b txt  |2 rdacontent 
337 |a unmediated  |b n  |2 rdamedia 
338 |a volume  |b nc  |2 rdacarrier 
504 |a Bibliographical references included in "Notes" (pages 301-316). 
650 0 |a Fiction  |x History and criticism. 
700 1 |a Kellogg, Robert L.  |q (Robert Leland),  |d 1928-2004. 
999 |a MARS 
999 f f |s 83670d07-e4d5-3877-a8df-25bc83a3f69d  |i 2ee6de33-3a39-3af4-8cd8-34dea9898824  |t 0 
952 f f |p normal  |a Texas A&M University  |b College Station  |c Sterling C. Evans Library  |d Evans: Library Stacks  |t 0  |e PN3451 .S3 1966  |h Library of Congress classification  |i unmediated -- volume  |m A14801207539 
998 f f |a PN3451 .S3 1966  |t 0  |l Evans: Library Stacks